International Relations. (Record no. 2231)

MARC details
000 -LEADER
fixed length control field 00499cam a2200193ua 4500
008 - FIXED-LENGTH DATA ELEMENTS--GENERAL INFORMATION
fixed length control field 110806n ii |||gr||||Z||||||eng
020 ## - INTERNATIONAL STANDARD BOOK NUMBER
International Standard Book Number 81-7041-708-2
040 ## - CATALOGING SOURCE
Transcribing agency MAIN
082 ## - DEWEY DECIMAL CLASSIFICATION NUMBER
Classification number 327
100 ## - MAIN ENTRY--PERSONAL NAME
Personal name Malhotra, Vinay Kumar.,
245 ## - TITLE STATEMENT
Title International Relations.
Statement of responsibility, etc. By Binay Kumar Malhotra.
250 ## - EDITION STATEMENT
Edition statement 1st.
260 ## - PUBLICATION, DISTRIBUTION, ETC.
Place of publication, distribution, etc. New Delhi:
Name of publisher, distributor, etc. Anmol publications.,999.
300 ## - PHYSICAL DESCRIPTION
Extent 543 p.:
Dimensions 23 cm.
942 ## - ADDED ENTRY ELEMENTS (KOHA)
Koha item type Books
653 ## - INDEX TERM--UNCONTROLLED
Uncontrolled term Political science.
653 ## - INDEX TERM--UNCONTROLLED
Uncontrolled term International relations
Holdings
Withdrawn status Lost status Damaged status Not for loan Home library Current library Shelving location Date acquired Total Checkouts Full call number Barcode Date last seen Copy number Price effective from Koha item type
        Naharkatiya College Central Library Naharkatiya College Central Library General Stacks 19/09/2020   327 | MAL 663 19/09/2020 1 19/09/2020 Books

Naharkatiya College © 2020. All rights reserved.

Powered By